Completa il Proverbio - Quiz n°5 - Statistics

Statistiche generali
  • Questo quiz è stato fatto 437 volte
  • Il punteggio medio è 11 su 15
Statistiche sulle risposte
Proverbio Parola mancante % Corretto
Il gioco è bello quando ___ poco Dura
99%
Una mela al giorno leva il _____ di torno Medico
97%
Fortunato al gioco, sfortunato in _____ Amore
94%
L'appetito vien __________ Mangiando
94%
L'Epifania tutte le ____ porta via Feste
92%
Tanto va la gatta al lardo che ci lascia lo _______ Zampino
86%
Bisogna far buon viso a _____ gioco Cattivo
85%
_____ di lavorar saltami addosso, lavora tu per me che io non posso Voglia
74%
A pagare e a morire c'è sempre ____ Tempo
66%
Dio vede e ________ Provvede
60%
A _____ male, s'indovina sempre Pensar
52%
Chi ________ compra Disprezza
50%
Il lavoro ______ l'uomo Nobilita
44%
Chi dice donna dice _____ Danno
39%
Scherza coi fanti e lascia stare i ____ Santi
39%
Nessun quiz corrispondente trovato
Distribuzione punteggi
Percentuale di utenti per punteggio
Percentile per numero di risposta
I tuoi punteggi nel tempo
Non hai fatto questo quiz